| 000 | 00531nam a2200181 u 4500 | ||
|---|---|---|---|
| 005 | 20220804080907.0 | ||
| 008 | 100630s2005 es r 000 0 spa d | ||
| 020 | _a8495495600 | ||
| 035 | _aUPN01000177109 | ||
| 049 | _aCG | ||
| 050 | 4 |
_aQC25 _bA4.3 |
|
| 100 | 1 |
_aAlemañ Berenguer, Rafael Andrés, _d1966- _931146 |
|
| 245 | 1 | 0 |
_aFísica para todos / _cRafael Andrés Alemañ Berenguer. |
| 260 |
_aMadrid : _bEquipo Sirius, _c2005. |
||
| 300 |
_a142 p. : _bil. |
||
| 650 | 0 |
_aFísica _vLiteratura juvenil _912572 |
|
| 905 | _aLibro | ||
| 999 |
_c149212 _d149212 |
||